Albers (Record no. 1640)

MARC details
000 - LÍDER
campo de control de longitud fija 00813nam a2200205Ia 4500
008 - ELEMENTOS DE DATOS DE LONGITUD FIJA - INFORMACIÓN GENERAL
campo de control de longitud fija 0000001968 fr a 0000000000fre00
090 ## - NÚMERO DE LLAMADA DE TIPO LC LOCALMENTE ASIGNADO (OCLC)
Número de clasificación (OCLC) (R) PUS00 A41a
100 1# - ENTRADA PRINCIPAL - NOMBRE PERSONAL
Nombre de la persona Albers, Josef
Fechas asociadas a un nombre 18881976
245 10 - TÍTULO DECLARACIÓN
Título Albers
Declaración de responsabilidad / photos A. Morain
260 ## - PUBLICACIÓN, DISTRIBUCIÓN
Lugar de publicación Paris : Galerie Denise René
Fecha de publicación 1968
300 ## - DESCRIPCIÓN FÍSICA
Alcance [20] p.
Dimensiones / 21 cm.
500 ## - NOTA GENERAL
Nota general Exposición realizada en la Galería Denise René, Paris, MarzoAbril, 1968 \ Artista alemán nacionalizado en Estados Unidos \ Con el patronazgo del maestro venezolano Jesús Rafael Soto (q.e.p.d.)
600 00 - ENTRADA DE SUJETO AÑADIDO - NOMBRE PERSONAL
Nombre de la persona ALBERS, JOSEF, 1888197/
Subdivisión general TRABAJOS PICTORICOS .
650 14 - ENTRADA DE SUJETO AÑADIDO - TÉRMINO TÓPICO
Término tópico o elemento de entrada del nombre geográfico ARTE CONTEMPORANEO ESTADOUNIDENSE
650 14 - ENTRADA DE SUJETO AÑADIDO - TÉRMINO TÓPICO
Subdivisión general CATALOGOS
650 14 - ENTRADA DE SUJETO AÑADIDO - TÉRMINO TÓPICO
Subdivisión general EXPOSICIONES
650 14 - ENTRADA DE SUJETO AÑADIDO - TÉRMINO TÓPICO
Término tópico o elemento de entrada del nombre geográfico PINTORES ESTADOUNIDENSES
650 14 - ENTRADA DE SUJETO AÑADIDO - TÉRMINO TÓPICO
Término tópico o elemento de entrada del nombre geográfico PINTURA ESTADOUNIDENSE
700 1# - ENTRADA AGREGADA - NOMBRE PERSONAL
Nombre de la persona Morain, A.
Holdings
Estado de retirada Pérdida de estatus Estado dañado No para préstamo Código de recogida Ubicación permanente Ubicación actual Ubicación de las estanterías Fecha de adquisición Número de llamada completo Código de barras Fecha de la última vez que se vio Número de copia Precio efectivo desde Tipo de artículo Koha
        General ArtNexus ArtNexus General 06/09/2022 P-US-00 A41A 1640 06/09/2022 Ej.1 06/09/2022 Libro

Powered by Koha